01277nam a2200361Ic 450000100060000000300100000600500170001600700030003300800410003602000180007704000350009504100080013008200180013810000370015624501120019325000210030526400400032630000180036633600270038433700330041133800280044449000230047250000380049565000700053365000430060365000210064665000240066765000350069170000270072694200120075399900170076595201330078258892CO-BoRNBP20250828222101.0ta180815s2014 ck g 000 0 spa  a9788498797022 aCO-BoRNBPbspaerdacCO-BoRNBP aspa04a355.02bS85a21 aSun, Tzu,d1753-1810eaut94007913aEl arte de la guerra /cSun Tzu ; introducción, traducción del chino antiguo y notas de Albert Galvany. aNovena edición 1aBogotá, Colombia :bTrotta,c2014 a228 páginas atextobtxt2rdacontent asin mediaciónbn2rdamedia avolumenbnc2rdacarrier0 aPliegos de Oriente aRecomendado para público adulto07aCiencia militarxFundamentosvCitas, máximas, etc.2lemb96431507aCiencia militarxHistoria2lemb96431607aEstrategia2LEMB07aGuerra2lemb96330807aTáctica militar2lemb923395 aGalvany, Albert964317 2ddccBK c58892d58892 00102ddc40708GENaMEMAPJGAbMEMAPJGAcGENd2025-08-28l0o355.02 S85a2pMPJG00649r2025-08-28 22:21:33tEj.1w2025-08-28yBK